Las competencias en la programación de aula (vol. II) : educación secundaria (12-18 años) / (Record no. 208315)

MARC details
000 -CABECERA
campo de control de longitud fija 01072nam a22002657a 4500
003 - IDENTIFICADOR DEL NÚMERO DE CONTROL
campo de control UPN
005 - FECHA Y HORA DE LA ÚLTIMA TRANSACCIÓN
campo de control 20250903063931.0
008 - ELEMENTOS DE LONGITUD FIJA--INFORMACIÓN GENERAL
campo de control de longitud fija 220329t2011 sp|||||fr|||| 00| 0 spa d
020 ## - NÚMERO INTERNACIONAL NORMALIZADO PARA LIBROS
Número Internacional Estándar del Libro 9788499800707
040 ## - FUENTE DE LA CATALOGACIÓN
Centro catalogador/agencia de origen MX-MxUPN
Lengua de catalogación spa
Centro/agencia transcriptor MX-MxUPN
050 14 - SIGNATURA TOPOGRÁFICA DE LA BIBLIOTECA DEL CONGRESO
Número de clasificación LC1033.5 E5
Número de documento/Ítem E8.2b
100 1# - ASIENTO PRINCIPAL--NOMBRE PERSONAL
Nombre de persona Escamilla González, Amparo
9 (RLIN) 44144
245 14 - MENCIÓN DE TÍTULO
Título Las competencias en la programación de aula (vol. II) : educación secundaria (12-18 años) /
Mención de responsabilidad, etc. Amparo Escamilla González
260 ## - PUBLICACIÓN, DISTRIBUCIÓN, ETC.
Lugar de publicación, distribución, etc. Barcelona :
Nombre del editor, distribuidor, etc. Graó ,
Fecha de publicación, distribución, etc. 2011.
300 ## - DESCRIPCIÓN FÍSICA
Extensión 322 p.
440 ## - MENCIÓN DE SERIE/ASIENTO SECUNDARIO--TÍTULO
9 (RLIN) 44143
Título Didáctica/diseño y desarrollo curricular
Designación de volumen o secuencia 286
500 ## - NOTA GENERAL
Nota general Véase también el volumen I : Las competencias en la programación de aula : infantil y primaria (3-12 años) / Amparo Escamilla González.
650 14 - ASIENTO SECUNDARIO DE MATERIA - TERMINO TEMATICO
Término de materia o nombre geográfico como elemento de entrada Educación basada en competencias
Subdivisión geográfica España
9 (RLIN) 14911
650 12 - ASIENTO SECUNDARIO DE MATERIA - TERMINO TEMATICO
Término de materia o nombre geográfico como elemento de entrada Aprendizaje significativo
9 (RLIN) 450
650 14 - ASIENTO SECUNDARIO DE MATERIA - TERMINO TEMATICO
Término de materia o nombre geográfico como elemento de entrada Diseño curricular
9 (RLIN) 6719
650 14 - ASIENTO SECUNDARIO DE MATERIA - TERMINO TEMATICO
Término de materia o nombre geográfico como elemento de entrada Mediciones y pruebas educativas
9 (RLIN) 4299
650 12 - ASIENTO SECUNDARIO DE MATERIA - TERMINO TEMATICO
9 (RLIN) 1531
Término de materia o nombre geográfico como elemento de entrada EDUCACION SECUNDARIA -
Subdivisión general PLANIFICACION
942 ## - ELEMENTOS DE PUNTO DE ACCESO ADICIONAL (KOHA)
Fuente del sistema de clasificación o colocación Library of Congress Classification
Tipo de ítem Koha Libro
Holdings
Estado de retiro Estado de pérdida Fuente del sistema de clasificación o colocación Estado dañado No para préstamo Código de colección Localización permanente Ubicación/localización actual Ubicación en estantería Fecha de adquisición Enumeración/cronología de publicación seriada Total de préstamos Renovaciones totales Clasificación Código de barras Fecha visto por última vez Fecha del último préstamo Tipo de ítem Koha
    Library of Congress Classification     Colección General Bib. Gregorio Torres Quintero Bib. Gregorio Torres Quintero Planta baja 29/03/2022 v. II 3 1 LC1033.5 E5 E8.2b 335820 16/05/2023 28/04/2023 Libro